| 000 | 00649nam a22001697a 4500 | ||
|---|---|---|---|
| 999 |
_c61442 _d61442 |
||
| 005 | 20240313172357.0 | ||
| 008 | 240313s1973 ru ||||| |||| 00| 0 rus d | ||
| 041 | _arus | ||
| 080 | _a94(37) K-89 | ||
| 100 |
_aКузищин, В.И. _921423 |
||
| 245 |
_aРимское рабовладельческое поместье : _bII в. до н. э.-I в. н. э / _cВ.И. КУЗИЩИН. |
||
| 264 |
_aМ.: _bМосковский университет, _c1973. |
||
| 300 |
_a254 c.: _bил.; _c22 см. |
||
| 653 | _aრომაელი მონების ქონება | ||
| 653 | _aისტორია | ||
| 942 |
_2udc _cᲬᲘᲒᲜᲘ |
||